| Tag |
First Indicator |
Second Indicator |
Subfields |
| LEADER |
00000cgm a2200000Mi 4500 |
| 001 |
in00005531621 |
| 006 |
m o c |
| 007 |
cr |n|---||a|a |
| 007 |
vz |z|zu| |
| 008 |
080405s1955 xxu015 o vueng d |
| 005 |
20241201225206.7 |
| 035 |
|
|
|a (OCoLC)ocn701797745
|
| 040 |
|
|
|a ALSTP
|b eng
|e pn
|c ALSTP
|d OCLCQ
|d CUS
|d OCLCA
|d OCLCQ
|d CUS
|d OCLCQ
|d OCLCA
|d OCLCQ
|d U3G
|d OCLCF
|d OCLCO
|d OCLCA
|d OCLCQ
|d OCLCO
|d OCLCQ
|d IAA
|d FVL
|d GILDS
|d MNI
|d WYU
|d YOU
|d TKN
|d OCLCA
|d OCLCO
|d OCL
|d OCLCO
|d OCLCL
|
| 019 |
|
|
|a 780682372
|a 1087005945
|
| 035 |
|
|
|a (OCoLC)701797745
|z (OCoLC)780682372
|z (OCoLC)1087005945
|
| 050 |
|
4 |
|a E178
|
| 049 |
|
|
|a TXAM
|
| 245 |
0 |
0 |
|a Richard Neuberger.
|
| 260 |
|
|
|a [United States] :
|b Columbia Broadcasting System (CBS),
|c 1955.
|
| 300 |
|
|
|a 1 online resource (15 min.).
|
| 336 |
|
|
|a two-dimensional moving image
|b tdi
|2 rdacontent
|
| 337 |
|
|
|a computer
|b c
|2 rdamedia
|
| 338 |
|
|
|a online resource
|b cr
|2 rdacarrier
|
| 490 |
0 |
|
|a Chronoscope
|
| 520 |
|
|
|a "Participants: Senator Richard Neuberger (D-OR) interviewed by Larry Lesueur and Louis Banks. Topics: Electric power in the Pacific Northwest, atomic energy, communism, and prosperity in the United States."--Longines Chronoscope Interviews, March 23, 1955 (200LW523).
|
| 588 |
0 |
|
|a Print version record.
|
| 600 |
1 |
0 |
|a Neuberger, Richard L.
|q (Richard Lewis),
|d 1912-1960.
|
| 600 |
1 |
7 |
|a Neuberger, Richard L.
|q (Richard Lewis),
|d 1912-1960
|2 fast
|1 https://id.oclc.org/worldcat/entity/E39PBJjCRq9f34WTvGcvBkRdwC
|
| 655 |
|
4 |
|a Streaming videos.
|
| 655 |
|
7 |
|a documentary film.
|2 aat
|
| 655 |
|
7 |
|a Feature films
|2 fast
|
| 655 |
|
7 |
|a Documentary films
|2 fast
|
| 655 |
|
7 |
|a Documentary television programs
|2 fast
|
| 655 |
|
7 |
|a Nonfiction films
|2 fast
|
| 655 |
|
7 |
|a Nonfiction television programs
|2 fast
|
| 655 |
|
7 |
|a Short films
|2 fast
|
| 655 |
|
7 |
|a Short films.
|2 gsafd
|
| 655 |
|
7 |
|a Documentary television programs.
|2 lcgft
|
| 655 |
|
7 |
|a Nonfiction television programs.
|2 lcgft
|
| 655 |
|
7 |
|a Short films.
|2 lcgft
|
| 655 |
|
7 |
|a Documentary films.
|2 lcgft
|
| 655 |
|
7 |
|a Nonfiction films.
|2 lcgft
|
| 655 |
|
7 |
|a Feature films.
|2 lcgft
|
| 655 |
|
7 |
|a Documentaires télévisés.
|2 rvmgf
|
| 655 |
|
7 |
|a Émissions télévisées autres que de fiction.
|2 rvmgf
|
| 655 |
|
7 |
|a Courts métrages.
|2 rvmgf
|
| 655 |
|
7 |
|a Documentaires.
|2 rvmgf
|
| 655 |
|
7 |
|a Films autres que de fiction.
|2 rvmgf
|
| 758 |
|
|
|i has work:
|a Richard Neuberger (MovingImage)
|1 https://id.oclc.org/worldcat/entity/E39PCYQ8DBqbMr4QgY3YkcD9CP
|4 https://id.oclc.org/worldcat/ontology/hasWork
|
| 830 |
|
0 |
|a American history in video.
|
| 856 |
4 |
0 |
|u http://proxy.library.tamu.edu/login?url=https://www.aspresolver.com/aspresolver.asp?AVN2;1791057
|z Connect to this streaming video (Alexander Street Press)
|t 0
|
| 955 |
|
|
|a Alexander Street Press subscription streaming video
|
| 994 |
|
|
|a 92
|b TXA
|
| 999 |
f |
f |
|s 8dd6fcbf-aaf7-4a5f-ad6b-812e9af839b5
|i 18cc7dfe-f454-4c2c-b1e8-9b4a64055fbc
|t 0
|
| 952 |
f |
f |
|a Texas A&M University
|b College Station
|c Electronic Resources
|d Available Online
|t 0
|e E178
|h Library of Congress classification
|
| 998 |
f |
f |
|a E178
|t 0
|l Available Online
|